| 000 | 00398pab a2200157 454500 | ||
|---|---|---|---|
| 008 | 180718b2001 xxu||||| |||| 00| 0 eng d | ||
| 100 | _aBorenstein, Severin | ||
| 245 | _aEconomics and electronic commerce | ||
| 260 | _c2001 | ||
| 300 | _ap.3-12 | ||
| 362 | _aWinter | ||
| 650 | _aElectronic commerce | ||
| 700 | _aSaloner, Garth | ||
| 773 | _aJournal of Economic Perspectives | ||
| 909 | _a48507 | ||
| 999 |
_c48507 _d48507 |
||